आधुनिक मुस्लिम विधि / (Record no. 78238)

MARC details
000 -LEADER
fixed length control field 00902nam a22002177a 4500
005 - DATE AND TIME OF LATEST TRANSACTION
control field 20130731145523.0
008 - FIXED-LENGTH DATA ELEMENTS--GENERAL INFORMATION
fixed length control field 130730b xxu||||| |||| 00| 0 eng d
010 ## - LCCN (DPL NO)
LC control number B-524273
020 ## - INTERNATIONAL STANDARD BOOK NUMBER
Terms of availability 150.00
035 ## - SYSTEM CONTROL NUMBER
System control number B-524273
037 ## - SOURCE OF ACQUISITION
Source of stock number/acquisition UBH
040 ## - CATALOGING SOURCE
Original cataloging agency DPL
Language of cataloging hn
082 ## - DEWEY DECIMAL CLASSIFICATION NUMBER
Classification number 340
100 ## - MAIN ENTRY--PERSONAL NAME
Personal name दीवान, पारस
9 (RLIN) 25423
245 ## - TITLE STATEMENT
Title आधुनिक मुस्लिम विधि /
Statement of responsibility, etc by पारस दीवान
260 ## - PUBLICATION, DISTRIBUTION, ETC. (IMPRINT)
Place of publication, distribution, etc इलाहबाद
Name of publisher, distributor, etc इलाहबाद लॉ एजेंसी
Date of publication, distribution, etc 2010
270 ## - ADDRESS
Address 10, Sir P.C.Banerjee Road,
City Allahabad
Postal code 2
300 ## - PHYSICAL DESCRIPTION
Extent 316पृ.:
Dimensions 23सेमी (अजिल्द)
942 ## - ADDED ENTRY ELEMENTS (KOHA)
Source of classification or shelving scheme Dewey Decimal Classification
Item type Hindi Books
Call number suffix दीवान
Classification part 340
Holdings
Withdrawn status Lost status Source of classification or shelving scheme Damaged status Not for loan Collection code Home library Current library Date acquired Source of acquisition Cost, normal purchase price Total Checkouts Full call number Barcode Date last seen Copy number Cost, replacement price Koha item type
    Dewey Decimal Classification     Non-fiction Sarojini Nagar Sarojini Nagar 30/07/2013 Gift Book 150.00   340 दीवान B-524273 30/07/2013 1 150.00 English Books

© Delhi Public Library
Hit Counter
free hit counter